Power system transient stability analysis /
Saved in:
| 主要作者: | |
|---|---|
| 格式: | Thesis 圖書 |
| 語言: | English |
| 出版: |
2010.
|
| 主題: | |
| 標簽: |
添加標簽
沒有標簽, 成為第一個標記此記錄!
|
| LEADER | 01077cam a2200265 i 4500 | ||
|---|---|---|---|
| 001 | u852596 | ||
| 003 | SIRSI | ||
| 005 | 201203071035 | ||
| 008 | 120307s2010 my a m 000 0 eng m | ||
| 040 | |a UMM |d UMJ |e rda | ||
| 090 | |a TK7 |b UM 2010 Jac | ||
| 097 | |a TK7 |b UM 2010 Jac | ||
| 100 | 0 | |a Jacqueline Lukose, |e author. | |
| 245 | 1 | 0 | |a Power system transient stability analysis / |c Jacqueline Lukose. |
| 264 | 1 | |c 2010. | |
| 300 | |a [1] xxiii, 147 leaves : |b illustrations ; |c 30 cm. | ||
| 502 | |a Dissertation (M.Eng.) -- Jabatan Kejuruteraan Elektrik, Fakulti Kejuruteraan, Universiti Malaya, 2010. | ||
| 504 | |a Bibliography: leaves 112-114. | ||
| 650 | 0 | |a Transients (Electricity). | |
| 650 | 0 | |a Electric power system stability. | |
| 710 | 2 | |a Universiti Malaya. |b Jabatan Kejuruteraan Elektrik. | |
| 900 | |a NHS | ||
| 596 | |a 1 7 | ||
| 999 | |a TK7 UM 2010 JAC |w LC |c 1 |i A513413327 |d 5/12/2012 |f 5/12/2012 |g 2 |l STACKS |m P07JURUTER |r Y |s Y |t TESIS |u 4/12/2012 |1 STEM | ||
| 999 | |a TK7 UM 2010 JAC |w LC |c 1 |i A514900630 |d 3/4/2014 |f 3/4/2014 |g 1 |l STACKS |m P01UTAMA |r Y |s Y |t TESIS |u 24/3/2014 |1 STEM |o .CIRCNOTE. | ||
